A Juan Ramón Jiménez, muerto fuera de España / (Record no. 196586)

MARC details
000 -LEADER
campo de control de longitud fija 01423nam a2200325 i 4500
001 - NÚMERO DE CONTROL
campo de control 196586
003 - IDENTIFICADOR DE NÚMERO DE CONTROL
campo de control ES-MaACL
005 - FECHA Y HORA DE LA ÚLTIMA TRANSACCIÓN
campo de control 20250625063213.0
007 - CAMPO FIJO DE DESCRIPCIÓN FÍSICA--INFORMACIÓN GENERAL
campo de control de longitud fija ta
008 - DATOS DE LONGITUD FIJA--INFORMACIÓN GENERAL
campo de control de longitud fija 241007b1981 sp ||||| |||| 00| 0 spa d
017 ## - NÚMERO DE COPYRIGHT O DE DEPÓSITO LEGAL
Número de copyright o de depósito legal M Sep. 3875/1958
040 ## - FUENTE DE CATALOGACIÓN
Lengua de catalogación spa
Centro/agencia transcriptor ES-MaACL
Centro/agencia modificador ES-MaACL
100 1# - ENTRADA PRINCIPAL--NOMBRE DE PERSONA
Nombre de persona Garciasol, Ramón de,
Fechas asociadas al nombre 1913-1994
Término indicativo de función/relación Autor
9 (RLIN) 236221
245 ## - MENCIÓN DEL TÍTULO
Título A Juan Ramón Jiménez, muerto fuera de España /
Mención de responsabilidad, etc. Ramón de Garciasol
260 ## - PUBLICACIÓN, DISTRIBUCIÓN, ETC.
Lugar de publicación, distribución, etc. [Madrid :
Nombre del editor, distribuidor, etc. s.n.],
Fecha de publicación, distribución, etc. 1981.
Lugar de fabricación/manufactura (Imp. FARESO)
300 ## - DESCRIPCIÓN FÍSICA
Extensión 12 p. ;
Dimensiones 24 cm
336 ## - TIPO DE CONTENIDO
Fuente rdacontent
Término de tipo de contenido texto
337 ## - TIPO DE MEDIO
Fuente rdamedia
Nombre/término del tipo de medio sin mediación
338 ## - TIPO DE SOPORTE
Fuente rdacarrier
Nombre/término del tipo de soporte volumen
500 ## - NOTA GENERAL
Nota general Tirada aparte de la revista "Cuadernos hispanoamericanos" n.º 376-378
600 14 - PUNTO DE ACCESO ADICIONAL DE MATERIA--NOMBRE DE PERSONA
9 (RLIN) 66417
Nombre de persona Jiménez, Juan Ramón,
Fechas asociadas al nombre 1881-1958
655 #7 - TERMINO DE INDIZACIÓN--GENERO/FORMA
Fuente del término tgfbne
9 (RLIN) 226850
Datos o término principal de género/forma Homenajes
655 #7 - TERMINO DE INDIZACIÓN--GENERO/FORMA
Fuente del término tgfbne
9 (RLIN) 176539
Datos o término principal de género/forma Poesías
852 ## - LOCALIZACIÓN
Ubicación ES-MaACL
Ubicación en estantería Depósito folletos
Número de control de estantería FOLL-BUE-44
Anotaciones manuscritas Dedicatoria manuscrita del autor, Ramón de Garciasol, para Antonio Buero Vallejo y su mujer Victoria en cubierta reverso: "Para Victorita y Toni, por los que tanto merece la pena vivir. Con el abrazo de su fraternal [Firma y rúbrica]"
Donativo/Legado Legado: Antonio Buero Vallejo
itemnumber 204305
903 ## - NOMBRE PERSONAL DE DONANTE
9 32421
a Buero Vallejo, Antonio,
q 1
d 1916-2000
e Donante
942 ## - ELEMENTOS DE ENTRADA SECUNDARIOS (KOHA)
Suprimir en OPAC No
Tipo de ítem Koha Folleto
Holdings
Estatus retirado Estado de pérdida Fuente del sistema de clasificación o colocación Estado de daño No para préstamo Colección Biblioteca de origen Biblioteca actual Ubicación en estantería Fecha de adquisición Fuente de adquisición Total de préstamos Signatura topográfica completa Código de barras Visto por última vez Precio de reemplazo Tipo de ítem Koha Nota pública
    Clasificación decimal universal     Libros con dedicatorias Biblioteca del Ateneo de Madrid Biblioteca del Ateneo de Madrid Depósito folletos 07/10/2024 Legado   FOLL-BUE-44 101229128 07/10/2024 07/10/2024 Folleto Dedicatoria manuscrita del autor, Ramón de Garciasol, para Antonio Buero Vallejo.